Voitures Ford actuelles - Statistiques

Statistiques générales
  • Ce quiz a été pris 597 fois
    453 depuis la dernière actualisation
  • Le résultat moyen est 5 sur 11
Statistiques - réponses
Catégorie Modèle % Correct
SUV & Crossover / Hybride et Electrique / Performance Focus
79%
SUV & Crosssover / Hybride et Electrique / Performance Mustang
65%
SUV & Crossover / Hybride et Electrique Kuga
63%
SUV & Crossover / Hybride et Electrique / Performance Puma
60%
Pick-Up Ranger
54%
Utilitaire Transit
49%
Hybride et Electrique Mondeo
38%
Familiale et Ludospace S-Max
35%
Familiale et Ludospace Galaxy
24%
Familiale et Ludospace / Hybride et Electrique Tourneo
22%
SUV & Crossover Ecosport
21%
Aucun quiz correspondant
Distribution des résultats
% des personnes avec chaque résultat
Percentile par nombre de réponses
Votre historique - résultats
Vous n’avez pas pris ce quiz depuis la dernière actualisation